Erőmű és biztonság
Elmentve itt :
| Szerző: | |
|---|---|
| Adatforrás: | Meister |
| Forrásdokumentuma: | A Hét. - 12 sz., 1990, 9 p. |
| Nyelv: | magyar |
| Kulcsszavak: | ökológia tudománytörténet nukleáris energia TELLER Ede |
| LEADER | 00395nab a2200157 i 4500 | ||
|---|---|---|---|
| 001 | bibPRO00004513 | ||
| 008 | 060524s1990 xx hun | ||
| 040 | |a Sz1 | ||
| 041 | |a hun | ||
| 100 | 1 | |a TELLER Ede | |
| 245 | 1 | 0 | |a Erőmű és biztonság |c TELLER Ede |
| 695 | |a ökológia | ||
| 695 | |a tudománytörténet | ||
| 695 | |a nukleáris energia | ||
| 695 | |a TELLER Ede | ||
| 773 | 0 | |t A Hét. - |g 12 sz., 1990, 9 p. | |